El paisaje, la acuarela, el papel, el pintor (Record no. 2803)

MARC details
000 - LÍDER
campo de control de longitud fija 00827nam a2200205Ia 4500
008 - ELEMENTOS DE DATOS DE LONGITUD FIJA - INFORMACIÓN GENERAL
campo de control de longitud fija 0000001989 ck a 0000000000spa00
090 ## - NÚMERO DE LLAMADA DE TIPO LC LOCALMENTE ASIGNADO (OCLC)
Número de clasificación (OCLC) (R) PSP00 G34p
100 1# - ENTRADA PRINCIPAL - NOMBRE PERSONAL
Nombre de la persona Gil Tovar, Francisco
Fechas asociadas a un nombre 1924
245 13 - TÍTULO DECLARACIÓN
Título El paisaje, la acuarela, el papel, el pintor
Declaración de responsabilidad / textos Francisco Gil Tovar ; fotografías Antonio Nariño, Hernán Díaz
260 ## - PUBLICACIÓN, DISTRIBUCIÓN
Lugar de publicación Bogotá : Propal
Fecha de publicación 1989
300 ## - DESCRIPCIÓN FÍSICA
Alcance [36] p.
Dimensiones / 35 cm.
500 ## - NOTA GENERAL
Nota general Con el patronazgo del maestro venezolano Jesús Rafael Soto (q.e.p.d.) \ Registro auspiciado por el IDCT. Bogotá
600 00 - ENTRADA DE SUJETO AÑADIDO - NOMBRE PERSONAL
Nombre de la persona GIL TOVAR, FRANCISCO /
Subdivisión general TRABAJOS PICTORICOS
650 14 - ENTRADA DE SUJETO AÑADIDO - TÉRMINO TÓPICO
Término tópico o elemento de entrada del nombre geográfico ARTE CONTEMPORANEO ESPAÑOL
650 14 - ENTRADA DE SUJETO AÑADIDO - TÉRMINO TÓPICO
Subdivisión general CATALOGOS
650 14 - ENTRADA DE SUJETO AÑADIDO - TÉRMINO TÓPICO
Subdivisión general EXPOSICIONES
650 14 - ENTRADA DE SUJETO AÑADIDO - TÉRMINO TÓPICO
Término tópico o elemento de entrada del nombre geográfico PINTORES ESPAÑOLES
650 14 - ENTRADA DE SUJETO AÑADIDO - TÉRMINO TÓPICO
Término tópico o elemento de entrada del nombre geográfico PINTURA ESPAÑOLA
700 1# - ENTRADA AGREGADA - NOMBRE PERSONAL
Nombre de la persona Nariño, Antonio \ Díaz, Hernán, 19312009
Holdings
Estado de retirada Pérdida de estatus Estado dañado No para préstamo Código de recogida Ubicación permanente Ubicación actual Ubicación de las estanterías Fecha de adquisición Número de llamada completo Código de barras Fecha de la última vez que se vio Número de copia Precio efectivo desde Tipo de artículo Koha
        General ArtNexus ArtNexus General 06/09/2022 P-SP-00 G34P 2806 06/09/2022 Ej.1 06/09/2022 Libro

Powered by Koha